| 000 | 00397nam a2200157 a 4500 | ||
|---|---|---|---|
| 001 | 18688 | ||
| 005 | 20180713212024.0 | ||
| 008 | 140415s1958 000 0 spa d | ||
| 041 | _aspa | ||
| 082 |
_a632.954 _bPRI |
||
| 100 | 1 | _aPRIMO YUFERA, EDUARDO | |
| 245 | 1 | 0 | _aHERBICIDAS Y FITORREGULADORES |
| 260 |
_a[s.l.] : _bAGUILAR, _c1958 |
||
| 300 | _a241 | ||
| 650 | 1 | 4 | _aHERBICIDAS |
| 999 |
_c18688 _d18688 |
||